| 000 | 00574Cam#a22002055a#4500 | ||
|---|---|---|---|
| 003 | AR-RoUNA | ||
| 008 | 140529||||||||||||||||| |||| 0|||| d | ||
| 040 |
_aAR-RoUNA _bspa |
||
| 041 | _aspa | ||
| 080 | _a691.6 | ||
| 092 | _lP493 | ||
| 100 | 1 |
_aPetracca, Antonio _917803 |
|
| 110 | 2 |
_aCámara del vidrio plano y sus manufacturas _917804 |
|
| 245 | _aManual de colocación del vidrio plano para la construcción | ||
| 260 |
_aBuenos Aires : _bCamara Del Vidrio, _c1982 |
||
| 300 |
_a87 p. : _bdib. _bfiguras |
||
| 653 | _aVidrios | ||
| 930 | _e6798 | ||
| 945 | _d2026-03-30 | ||
| 999 |
_c2919 _d2919 |
||
| 980 |
_85 _gMaría Machado |
||